000
00322pab a2200133 454500
008
180718b1987 xxu||||| |||| 00| 0 eng d
100
_a
Grafton, Carl
245
_a
Public policy for dangerous inventions
260
_c
1987
300
_a
207-34
650
_a
Disasters - U.S.A.
773
_a
Policy Sciences
909
_a
7314
999
_c
7314
_d
7314